• 首页
  • 本馆介绍
  • 公告通知
  • 最新文献
  • 馆藏检索
  • 电子资源
  • 读者导购
  • 参考咨询
  • 我的图书馆
  • 登录
  • 详细信息显示
  • 放入我的书架
  • 预约/预借图书
  • 作者相关作品
  • 分类相关作品
  • 丛书相关作品
  • 出版社相关作品

书目信息

  • 表格格式
  • 工作单格式
  • 卡片格式
题名:
中国古代文学
    
 
作者: ;山东省八师专中文系合 编
分册: 下册  
出版信息:   山东省教育局  不详
页数: 310页
开本: 20cm
丛书名: 山东省中学教师培训教材
单 册:
中图分类: I209.2
科图分类:
主题词: 文学--中国
电子资源:
ISBN:
000 00675nam0 2200205 450
001 0639978453
005 20060912084314.01
010    @dCNY2.27(三册)
100    @a20060803d km y0chiy0120 ea
101 0  @achi
200 1  @a中国古代文学@Azhong guo gu dai wen xue@h下册@f山东省八师专中文系合编@Fshan dong sheng ba shi zhuan zhong wen xi he bian
210    @c山东省教育局@d不详
215    @a310页@d20cm
225 2  @a山东省中学教师培训教材
410  0 @12001 @a山东省中学教师培训教材
606 0  @a文学@x中国
690    @aI209.2@v3
711  0 @a山东省八师专中文系合@Ashan dong sheng ba shi zhuan zhong wen xi he@4编
801  0 @aCN@bPFT@c20060912
905    @a10447@dI209.2@e220
    
    中国古代文学.下册/山东省八师专中文系合编.-山东省教育局,不详
    310页;20cm.-(山东省中学教师培训教材)
    
    
    ISBN :CNY2.27(三册)
    
●
相关链接 在E读中查询图书 在五车中查询图书 在当当中查询图书 在豆瓣中查询图书


正题名:中国古代文学     索取号:I209.2/220         预约/预借

序号 登录号 条形码 馆藏地/架位号 状态 备注
1 0429140   204291408   密集书库/ [索取号:I209.2/220] 在馆    
2 0472160   204721603   密集书库/ [索取号:I209.2/220] 在馆    
唐山师范学院图书馆 欢迎您!
大连网信软件有限公司© 版权所有